MARC details
| 000 -CABECERA |
| campo de control de longitud fija |
01005nam a2200265 a 4500 |
| 001 - NÚMERO DE CONTROL |
| campo de control |
000001771 |
| 005 - FECHA Y HORA DE LA ÚLTIMA TRANSACCIÓN |
| campo de control |
20200929145708.0 |
| 008 - DATOS DE LONGITUD FIJA--INFORMACIÓN GENERAL |
| campo de control de longitud fija |
090626s2007 es a 000 1 spa d |
| 020 ## - NÚMERO INTERNACIONAL ESTÁNDAR DEL LIBRO |
| Número Internacional Estándar del Libro |
9788408077558 |
| 040 ## - FUENTE DE LA CATALOGACIÓN |
| Centro catalogador/agencia de origen |
DO-SdBNP |
| 100 1# - ENTRADA PRINCIPAL--NOMBRE DE PERSONA |
| Nombre de persona |
García Delgado, José Luis |
| 9 (RLIN) |
5759 |
| 245 10 - MENCIÓN DE TÍTULO |
| Título |
Economía del español : |
| Resto del título |
una introducción / |
| Mención de responsabilidad, etc. |
José Luis García Delgado, José Antonio Alonso, Juan Carlos Jiménez. |
| 260 ## - PUBLICACIÓN, DISTRIBUCIÓN, ETC. |
| Lugar de publicación, distribución, etc. |
Madrid : |
| Nombre del editor, distribuidor, etc. |
Ariel, |
| Fecha de publicación, distribución, etc. |
2007. |
| 300 ## - DESCRIPCIÓN FÍSICA |
| Extensión |
189 p. : |
| Otras características físicas |
il. ; |
| Dimensiones |
23 cm. |
| 490 0# - MENCIÓN DE SERIE |
| Mención de serie |
Valor económico del español |
| Designación de volumen o secuencia |
1 |
| 490 0# - MENCIÓN DE SERIE |
| Mención de serie |
Fundación Telefónica |
| Designación de volumen o secuencia |
2 |
| 500 ## - NOTA GENERAL |
| Nota general |
Incluye datos biográficos de los atures en la solapa |
| 504 ## - NOTA DE BIBLIOGRAFÍA, ETC. |
| Nota de bibliografía, etc. |
Incluye notas bibliográficas al pie de las paginas |
| 504 ## - NOTA DE BIBLIOGRAFÍA, ETC. |
| Nota de bibliografía, etc. |
Incluye referencias bibliográficas ([175]-189). |
| 500 ## - NOTA GENERAL |
| Nota general |
Incluye epílogo (167-173) |
| 700 1# - PUNTO DE ACCESO ADICIONAL--NOMBRE DE PERSONA |
| Nombre de persona |
Alonso, José Antonio |
| 9 (RLIN) |
5760 |
| 700 1# - PUNTO DE ACCESO ADICIONAL--NOMBRE DE PERSONA |
| Nombre de persona |
Jiménez, Juan Carlos |
| 9 (RLIN) |
5761 |
| 830 #0 - PUNTO DE ACCESO ADICIONAL DE SERIE-TÍTULO UNIFORME |
| Título uniforme |
Valor económico del español |
| Número de parte o sección de la obra |
1 |
| 9 (RLIN) |
5762 |
| 830 #0 - PUNTO DE ACCESO ADICIONAL DE SERIE-TÍTULO UNIFORME |
| Título uniforme |
Fundación telefónica |
| Número de parte o sección de la obra |
2 |
| 9 (RLIN) |
5763 |